| 000 | 00619cam a22001932 4500 | ||
|---|---|---|---|
| 001 | 0000001397 | ||
| 005 | 20151217151816.0 | ||
| 008 | 070307s xx 000 0 eng d | ||
| 040 |
_aKABU _cKABU |
||
| 050 | 0 |
_aGN645 _b.A37 |
|
| 245 | 1 | 0 |
_aAfrican cultural knowledge : _bthemes and embedded beliefs / _ccompiled and ed. by Michael C. Kirwen. |
| 260 |
_aNairobi : _bMIAS, _c2005. |
||
| 300 | _av, 274 p. | ||
| 651 | 0 |
_aAfrica _xCivilization and social life and customs. _@0000150095 |
|
| 700 | 1 |
_aKirwen, Michael C. _@0000150096 |
|
| 908 | _a070307 | ||
| 950 | _@1 | ||
| 999 |
_c5232 _d5232 |
||